000 00970nam a2200205 a 4500
008 120416s2002 ||||||||||||||||| || u
020 _a0852551681
050 _aHD 2118 Pon
100 _aPonte, Stefano
245 1 0 _aFamers and markets in Tanzania
246 _ahow policy reforms affect rural livelihood in Africa
260 _aOxford
_bJames Currey
_c2002
300 _axvii, 204p. : ill.
350 _a0.00
650 _aFARMING
650 _aFARMING--RURAL DEVELOPMENT--TANZANIA
995 _aMAIN LIBRARY OPEN ACCESS
_D0.00
_e735233
_FCBU-MAIN LIBRARY (Kitwe)
_H2
_I17.95
_jHD 2118 Pon
_M2
_UAVAILABLE
_y40407
_ZMain Library Open Access Collection
995 _aANNEX COLLECTION (Main Library)
_D0.00
_e735235
_FCBU-MAIN LIBRARY (Kitwe)
_H3
_I17.95
_jHD 2118 Pon
_M3
_UAVAILABLE
_y40405
_ZAnnex Low-Usage Collection
995 _aANNEX COLLECTION (Main Library)
_D0.00
_e735234
_FCBU-MAIN LIBRARY (Kitwe)
_H1
_I17.95
_jHD 2118 Pon
_M1
_UAVAILABLE
_y40408
_ZAnnex Low-Usage Collection
999 _c62984
_d62984